Every Fire Type Pokémon - Statistics

General Stats
  • This quiz has been taken 19 times
  • The average score is 69 of 87
Answer Stats
Debut Region Pokédex Number Pokémon % Correct
059 Arcanine
100%
257 Blaziken
100%
006 Charizard
100%
Kanto 004 Charmander
100%
005 Charmeleon
100%
256 Combusken
100%
058 Growlithe
100%
126 Magmar
100%
146 Moltres
100%
Hoenn 255 Torchic
100%
Sinnoh 390 Chimchar
93%
244 Entei
93%
136 Flareon
93%
383 Groudon (Primal Form)
93%
250 Ho-oh
93%
229 Houndoom
93%
228 Houndour
93%
240 Magby
93%
391 Monferno
93%
038 Ninetales
93%
077 Ponyta
93%
078 Rapidash
93%
324 Torkoal
93%
037 Vulpix
93%
323 Camerupt
87%
Johto 155 Cyndaquil
87%
500 Emboar
87%
Kalos 653 Fennekin
87%
392 Infernape
87%
219 Magcargo
87%
467 Magmortar
87%
322 Numel
87%
499 Pignite
87%
156 Quilava
87%
Galar 813 Scorbunny
87%
218 Slugma
87%
663 Talonflame
87%
498 Tepig
87%
726 Torracat
87%
157 Typhlosion
87%
609 Chandelure
80%
655 Delphox
80%
662 Fletchinder
80%
727 Incineroar
80%
636 Larvesta
80%
667 Litleo
80%
Alola 725 Litten
80%
607 Litwick
80%
105 Marowak (Alolan)
80%
668 Pyroar
80%
643 Reshiram
80%
637 Volcarona
80%
351 Castform (Sunny Form)
73%
815 Cinderace
73%
555 Darmanitan
73%
554 Darumaka
73%
485 Heatran
73%
608 Lampent
73%
814 Raboot
73%
514 Simisear
73%
Unova 494 Victini
73%
721 Volcanion
73%
654 Braixen
67%
851 Centiskorch
67%
839 Coalossal
67%
Paldea 909 Fuecoco
67%
741 Oricorio (Baile Style)
67%
513 Pansear
67%
757 Salandit
67%
758 Salazzle
67%
850 Sizzlipede
67%
936 Armarouge
60%
838 Carkol
60%
937 Ceruledge
60%
935 Charcadet
60%
910 Crocalor
60%
994 Iron Moth
60%
479 Rotom (Heat)
60%
952 Scovillain
60%
911 Skeledirge
60%
128 Tauros (Paldean Blaze Breed)
60%
806 Blacephalon
53%
1004 Chi-Yu
53%
1020 Gouging Fire
53%
631 Heatmor
53%
1017 Ogerpon (Hearthflame Mask)
53%
776 Turtonator
53%
No matching quizzes found
Score Distribution
Percent of People with Each Score
Percentile by Number Answered
Your Score History
You have not taken this quiz